मानवता के मसीहाः (Record no. 30561)
[ view plain ]
| 000 -LEADER | |
|---|---|
| fixed length control field | 01617nam a22002657a 4500 |
| 005 - DATE AND TIME OF LATEST TRANSACTION | |
| control field | 20180411122804.0 |
| 010 ## - LCCN (DPL NO) | |
| LC control number | HIN-87971 B-689736-737 |
| 020 ## - INTERNATIONAL STANDARD BOOK NUMBER | |
| International Standard Book Number | 9788190866002 |
| Terms of availability | 450.00 |
| 035 ## - SYSTEM CONTROL NUMBER | |
| System control number | HN-60317 |
| 035 ## - SYSTEM CONTROL NUMBER | |
| System control number | B-689736-737 |
| 037 ## - SOURCE OF ACQUISITION | |
| Source of stock number/acquisition | DBAD / PUB |
| 037 ## - SOURCE OF ACQUISITION | |
| Source of stock number/acquisition | राष्ट्रीय हिन्दी साहित्य परिषद |
| 082 ## - DEWEY DECIMAL CLASSIFICATION NUMBER | |
| Classification number | 305.562 |
| 100 ## - MAIN ENTRY--PERSONAL NAME | |
| Personal name | राम कुमार |
| 245 ## - TITLE STATEMENT | |
| Title | मानवता के मसीहाः |
| Statement of responsibility, etc | राम कुमार |
| Remainder of title | डॉ.अम्बेडकर / |
| 246 ## - VARYING FORM OF TITLE | |
| Title proper/short title | Manavata ke masiha:Dr. Amedkar |
| Remainder of title | by Ram Kumar |
| 260 ## - PUBLICATION, DISTRIBUTION, ETC. (IMPRINT) | |
| Place of publication, distribution, etc | दिल्ली |
| Name of publisher, distributor, etc | जास्मिन पब्लिकेशन |
| Date of publication, distribution, etc | 2017 |
| 270 ## - ADDRESS | |
| Address | 29/61 पहली मंजिल , गली नं. 11, विश्वास नगर, |
| City | दिल्ली |
| Postal code | 110032 |
| 300 ## - PHYSICAL DESCRIPTION | |
| Extent | 176पृ |
| Dimensions | 22सेमी(सजिल्द) |
| 500 ## - GENERAL NOTE | |
| General note | बलिदानी पुस्तक |
| 600 ## - SUBJECT ADDED ENTRY--PERSONAL NAME | |
| Personal name | अम्बेडकर, बी.आर. ( भीमराव रामजी ), 1891-1956 |
| General subdivision | राजनीतिक एवं सामाजिक विचार |
| 600 ## - SUBJECT ADDED ENTRY--PERSONAL NAME | |
| Personal name | Ambedkar, B.R. (Bhimrao Ramji), 1891-1956 |
| General subdivision | Political and social views |
| 942 ## - ADDED ENTRY ELEMENTS (KOHA) | |
| Institution code [OBSOLETE] | dpl |
| Item type | Hindi Books |
| Source of classification or shelving scheme | Dewey Decimal Classification |
| Call number suffix | रामकु |
| Classification part | 305.562 |
| Withdrawn status | Lost status | Not for loan | Home library | Current library | Date acquired | Source of acquisition | Cost, normal purchase price | Full call number | Barcode | Copy number | Cost, replacement price | Koha item type | Collection code | Public note |
|---|---|---|---|---|---|---|---|---|---|---|---|---|---|---|
| Central Library | Central Library | 11/04/2018 | राष्ट्रीय हिन्दी साहित्य परिषद/1946/18/28-02-18/850/20-02-18/01-03-18 | 450.00 | 305.562 रामकु | B-689736 | 1 | 450.00 | Hindi Books | Non-fiction | बलिदानी | |||
| Not For Loan | D.B.Act.Division | D.B.Act.Division | 22/09/2009 | DBAD / PUB | 300.00 | 305.562 रामकु | HN-60317 | 1 | 300.00 | Hindi Books | ||||
| Sarojini Nagar | Sarojini Nagar | 11/04/2018 | राष्ट्रीय हिन्दी साहित्य परिषद/1946/18/28-02-18/850/20-02-18/01-03-18 | 450.00 | 305.562 रामकु | B-689737 | 1 | 450.00 | Hindi Books | Non-fiction | बलिदानी |
